000 01201nam a2200301 4500
003 EG-GICUC
005 20260121101348.0
008 251126s1963 ua ||||fr|||| 00| 0 ara d
040 _a EG-GICUC
_bara
_c EG-GICUC
_d EG-GICUC
_erda
041 0 _aara
082 0 4 _221
_a341.851
_bا ت . د
092 0 4 _221
099 _aLaw1 12 341.851 ا ت . د 1963
110 2 _aالاتحاد العام للغرف التجارية
245 1 0 _aدليل التحكيم التجاري الدولي لغرفة التجارة الدولية بباريس /
_cالاتحاد العام للغرف التجارية
264 _a[القاهرة:
_bالاتحاد العام للغرف التجارية،
_c1963]
300 _a62 صفحة ؛
_c24 سم
336 _2rda content
_atext
337 _2rda media
_aComputer
338 _2rda carrier
_aOnline Resource
504 _aيشتمل علي فهارس.
546 _aالنص أغلبه باللغة العربية مع بعض النصوص الإنجليزية
650 1 _aالتحكيم التجاري
_2qrmak
651 1 _2qrmak
856 4 0 _uhttps://fll.law.cu.edu.eg/fulltext/bks/B12-01372.pdf
905 _a75
_eYara
942 _2ddc
_n0
_cBK
_e21
999 _c46223
_d46223